[Event "XVI Lasker Mem Open A"]
[Site "Barlinek POL"]
[Date "2008.06.05"]
[Round "6"]
[White "Aliavdin,N"]
[Black "Rooze,J"]
[Result "1/2-1/2"]
[WhiteElo "2384"]
[BlackElo "2316"]

1.e4 c5 2.Nf3 Nc6 3.Bb5 g6 4.Bxc6 dxc6 5.d3 Bg7 6.O-O Nf6 7.Nbd2 O-O 8.h3 Qc7
9.a4 h6 10.Re1 Be6 11.e5 Nd5 12.Ne4 b6 13.a5 Rad8 14.Bd2 Qc8 15.Qe2 Rfe8
16.axb6 axb6 17.c4 Nc7 18.Ra7 Qd7 19.b4 cxb4 20.c5 b5 21.Bxb4 Ra8 22.Rea1 Rxa7
23.Rxa7 Ra8 24.Rxa8+ Nxa8 25.Ba5 Nc7 26.Bxc7 Qxc7 27.d4 Qa5 28.Kh2 Qa3 29.Nh4 Qc1
30.Qd2 Qxd2 31.Nxd2 f6 32.Nxg6 Kf7 33.exf6 Bxf6 34.Ne5+ Bxe5+ 35.dxe5 b4
36.f4 b3 37.f5 Bd5 38.g4 b2 39.Kg3 Ba2 40.e6+ Kg7 41.Kf4 b1=Q 42.Nxb1 Bxb1
43.h4 Bc2 44.g5 hxg5+ 45.hxg5 Bd1 46.Ke5 Bh5 47.Kf4 Bd1 48.Ke4 Bc2+ 49.Kd4 Bd1
50.Ke5 Bh5  1/2-1/2

[Event "XXX Nezhmetdinov Mem"]
[Site "Kazan RUS"]
[Date "2008.06.05"]
[Round "5"]
[White "Vasiljev,Vasily"]
[Black "Beliaev,Va"]
[Result "1-0"]
[WhiteElo "2121"]
[BlackElo "2086"]

1.e4 c5 2.Nf3 Nc6 3.Bb5 e6 4.O-O Nge7 5.c3 a6 6.Ba4 b5 7.Bc2 Bb7 8.Re1 Ng6
9.d4 cxd4 10.Nxd4 Bc5 11.a4 Qh4 12.Be3 Nxd4 13.Bxd4 Bd6 14.g3 Qh3 15.Bd3 Nf4
16.Bf1 Qh6 17.Bxg7 Qxg7 18.Qxd6 Ng6 19.axb5 Ne5 20.Nd2 f6 21.bxa6 Bc6 22.b4 Qh6
23.Rad1 Rg8 24.b5 Ng4 25.Nf3 Rg5 26.bxc6 Nxh2 27.Nxh2 Rh5 28.cxd7+  1-0

[Event "TCh-BIH"]
[Site "Neum BIH"]
[Date "2008.06.05"]
[Round "2"]
[White "Pikula,D"]
[Black "Bogosavljevic,B"]
[Result "1/2-1/2"]
[WhiteElo "2530"]
[BlackElo "2492"]

1.e4 c5 2.Nf3 Nc6 3.Bb5 g6 4.Bxc6 dxc6 5.d3 Bg7 6.h3 e5 7.O-O b6 8.a3 a5
9.Be3 Ne7 10.Nbd2 a4 11.Nc4 f6 12.b4 b5 13.Na5 cxb4 14.axb4 O-O 15.Bc5 g5
16.d4 g4 17.hxg4 Bxg4 18.dxe5 Qe8 19.Bxe7 Qxe7 20.Nxc6 Qe8 21.Qd5+ Kh8 22.Ra3 Be6
23.Qd6 Ra6 24.exf6 Rxf6 25.Qd8 Qxd8 26.Nxd8 Bc4 27.Rb1 Rxf3 28.gxf3 Rg6+
29.Kh1 Rd6 30.Nb7 Rh6+ 31.Kg2 Rg6+ 32.Kh1 Rh6+ 33.Kg2 Rg6+ 34.Kh1  1/2-1/2

[Event "TCh-BIH"]
[Site "Neum BIH"]
[Date "2008.06.06"]
[Round "3"]
[White "Dujkovic,S"]
[Black "Miladinovic,I"]
[Result "0-1"]
[WhiteElo "2415"]
[BlackElo "2579"]

1.e4 c5 2.Nf3 Nc6 3.Bb5 e6 4.O-O Nge7 5.b3 Ng6 6.Bb2 Qc7 7.Re1 f6 8.c3 a6
9.Bf1 Bd6 10.d4 O-O 11.Nbd2 b5 12.g3 Bb7 13.d5 Nd8 14.c4 b4 15.Bh3 a5 16.a4 Ra6
17.Nf1 Be5 18.Bxe5 fxe5 19.Ra2 exd5 20.exd5 Nf7 21.N1d2 Ne7 22.Ne4 Rh6 23.Bg4 Bc8
24.Nfg5 Nxg5 25.d6 Qd8 26.Nxg5 Nc6 27.Qd5+ Kh8 28.h4 Rg6 29.Rxe5 h6 30.Bh5 Nxe5
31.Qxe5 Rgf6 32.Ne4 Rf5 33.Qe7 Rxh5 34.Re2 Bb7  0-1

[Event "58th ch-RUS w HL"]
[Site "Chelyabinsk RUS"]
[Date "2008.06.07"]
[Round "4"]
[White "Ubiennykh,E"]
[Black "Kovalevskaya,E"]
[Result "1/2-1/2"]
[WhiteElo "2289"]
[BlackElo "2421"]

1.e4 c5 2.Nf3 Nc6 3.Bb5 d6 4.O-O Bd7 5.Re1 Nf6 6.c3 a6 7.Bf1 Bg4 8.d3 e6
9.Nbd2 Be7 10.h3 Bh5 11.g4 Bg6 12.Nh4 Nd7 13.Ng2 e5 14.Ne3 h5 15.Nf5 hxg4
16.hxg4 Bxf5 17.exf5 Qc7 18.Bg2 O-O-O 19.Rb1 d5 20.Bxd5 e4 21.Nf1 exd3 22.b4 Nde5
23.Bg2 Bd6 24.bxc5 Bxc5 25.Be3 Bxe3 26.Rxe3 f6 27.Qa4 Rd6 28.Nd2 Rhd8 29.Rg3 Qa5
30.Qb3 Qc7 31.f4 Na5 32.Qb4 Nd7 33.Re1 Qb6+ 34.Kf1 Qxb4 35.cxb4 Nc6 36.Bxc6 bxc6
37.Re7 Rd4 38.Rxg7 Rxf4+ 39.Rf3 Rxf3+ 40.Nxf3 Ne5 41.Nd2 Rd4 42.g5 Rf4+ 43.Ke1 fxg5
44.Rxg5 Kd7 45.a3 Kd6 46.Rg8 Rxf5 47.Rd8+ Kc7 48.Rd4 Rh5 49.Re4 Kd6 50.Rd4+ Ke6
51.Rd8 Rh1+ 52.Kf2 Rh2+ 53.Ke1 Ke7 54.Rd4 Kf6 55.Rd8 Rh4 56.Rf8+ Ke7 57.Rf5 Rh1+
58.Kf2 Ke6 59.Rf8 Rh2+ 60.Ke1 Ng4 61.Nb3 Ke5 62.Rd8 Re2+ 63.Kd1 Nf2+ 64.Kc1 Rc2+
65.Kb1 Re2 66.Nc1 Rd2 67.Nb3 Rd1+ 68.Kb2 Ne4 69.Nc1 Nd6 70.Nb3 Rh1 71.Nd2 Rh3
72.a4 Nf5 73.Kc3 Ne7 74.Re8 Ke6 75.Ne4 Re3 76.Nc5+ Kf7 77.Ra8 Nd5+ 78.Kd2 Re2+
79.Kxd3 Rb2 80.Nxa6 Ke6 81.Rh8 Rb1 82.Rh6+ Kd7 83.Kc2 Ra1 84.Kb2 Rg1 85.Nb8+ Kc7
86.Nxc6 Rg2+ 87.Kb3 Rg3+ 88.Kc4 Nb6+ 89.Kb5 Rg5+ 90.Ka6 Nxa4 91.Nd4 Kd7 92.b5 Nc5+
93.Kb6 Na4+ 94.Ka6 Nc5+ 95.Ka7 Rg1 96.Rc6 Na4 97.Ne6 Ke7 98.Nc5 Rg5 99.Rc7+ Kd6
100.Ne4+ Kxc7 101.Nxg5 Kc8 102.Ka6 Nc5+ 103.Kb6  1/2-1/2

[Event "TCh-BIH w"]
[Site "Neum BIH"]
[Date "2008.06.07"]
[Round "4"]
[White "Boric,E"]
[Black "Maksimovic,S"]
[Result "1/2-1/2"]
[WhiteElo "2274"]
[BlackElo "2264"]

1.e4 c5 2.Nf3 Nc6 3.Bb5 g6 4.Qe2 Bg7 5.O-O e5 6.Qc4 b6 7.Bxc6 dxc6 8.d3 Ne7
9.Bg5 O-O 10.Nbd2 h6 11.Bxe7 Qxe7 12.a4 Kh7 13.a5 Rb8 14.axb6 axb6 15.Qa4 Qc7
16.Ra3 Be6 17.Rfa1 Rb7 18.Qa6 Rd8 19.Nc4 Rd7 20.h3 b5 21.Ne3 f5 22.Rc3 fxe4
23.dxe4 c4 24.Rca3 Bf8 25.R3a2 Bg7 26.Qa5 Qd6 27.Qe1 Qc5 28.b4  1/2-1/2

[Event "ch-FIN"]
[Site "Mantta FIN"]
[Date "2008.06.08"]
[Round "7"]
[White "Kosmo,S"]
[Black "Luukkonen,T"]
[Result "0-1"]
[WhiteElo "2219"]
[BlackElo "2263"]

1.e4 c5 2.Nf3 Nc6 3.Bb5 e6 4.O-O Nge7 5.Nc3 Ng6 6.d3 Qc7 7.Re1 Bd6 8.h3 O-O
9.a4 Na5 10.h4 Ne5 11.Ng5 f6 12.Nh3 a6 13.Bc4 Naxc4 14.dxc4 Nxc4 15.f4 b6
16.h5 Bb7 17.Qd3 Na5 18.Rd1 Be7 19.Qxd7 Qxd7 20.Rxd7 Rf7 21.Be3 Bc8 22.Rdd1 Nc4
23.Bc1 Bf8 24.b3 Na5 25.Be3 Bd7 26.Nf2 Be8 27.g4 Rb7 28.Rab1 f5 29.exf5 exf5
30.Nd5 Bf7 31.Rd2 Re8 32.Re1 c4 33.b4 c3 34.Rdd1 Nc4 35.Bd4 Rxe1+ 36.Rxe1 Bxd5
37.Bxc3 Bf3 38.h6 fxg4 39.Re8 gxh6 40.Rc8 Nd6 41.Rd8 h5 42.Nd3 Nf7 43.Rc8 h4
44.f5 Nd6 45.Rd8 Nxf5 46.Nf4 Kf7  0-1

[Event "TCh-BIH"]
[Site "Neum BIH"]
[Date "2008.06.09"]
[Round "6"]
[White "Jovanovic,Zo CRO"]
[Black "Dujkovic,S"]
[Result "1-0"]
[WhiteElo "2546"]
[BlackElo "2415"]

1.e4 c5 2.Nf3 Nc6 3.Bb5 g6 4.O-O Bg7 5.Re1 Nf6 6.e5 Nd5 7.Nc3 Nc7 8.Bxc6 dxc6
9.Ne4 b6 10.Nf6+ Kf8 11.Ne4 Bg4 12.d3 h6 13.Ned2 Ne6 14.h3 Bxf3 15.Nxf3 Qd5
16.b3 Rd8 17.Bb2 Kg8 18.Re4 Kh7 19.Qe2 Rhe8 20.Re1 Kg8 21.g3 Qd7 22.Kg2 Qc8
23.a4 Nc7 24.Qd2 f5 25.exf6 exf6 26.Bxf6 Bxf6 27.Qxh6 Rxe4 28.Qxg6+ Bg7 29.Rxe4 Nd5
30.c4  1-0

[Event "TCh-BIH"]
[Site "Neum BIH"]
[Date "2008.06.11"]
[Round "8"]
[White "Palac,M"]
[Black "Solak,D"]
[Result "1-0"]
[WhiteElo "2559"]
[BlackElo "2630"]

1.e4 c5 2.Nf3 Nc6 3.Bb5 d6 4.O-O Bd7 5.Re1 Nf6 6.c3 a6 7.Ba4 c4 8.Bc2 e5
9.b3 b5 10.Na3 Na5 11.d4 cxd3 12.Bxd3 Be7 13.c4 b4 14.Nc2 Nc6 15.a3 bxa3
16.b4 O-O 17.h3 Be6 18.Bxa3 Qc7 19.Qd2 a5 20.b5 Nd8 21.b6 Qxb6 22.Nxe5 Qc7
23.Nf3 Nd7 24.Ncd4 Ne5 25.Nxe5 dxe5 26.Nb5 Qd7 27.Bxe7 Qxe7 28.Rxa5 Nb7 29.Rxa8 Rxa8
30.Qb2 Qc5 31.Ra1 Rd8 32.Nc3 Nd6 33.Nd5 f6 34.Ra6 Bxd5 35.exd5 Rc8 36.Qb6 e4
37.Qxc5 Rxc5 38.Be2 Nf5 39.Bg4 Nd4 40.d6 Kf7 41.d7 Ke7 42.Ra8 Nc6 43.Re8+ Kf7
44.Be6+ Kg6 45.Bd5  1-0

[Event "IM"]
[Site "Perm RUS"]
[Date "2008.06.12"]
[Round "2"]
[White "Ostanin,V"]
[Black "Lavretzkij,R"]
[Result "0-1"]
[WhiteElo "2259"]
[BlackElo "2332"]

1.e4 c5 2.Nf3 Nc6 3.Bb5 g6 4.O-O Bg7 5.c3 Nf6 6.Re1 O-O 7.d3 a6 8.Ba4 b5
9.Bb3 d6 10.Nbd2 Bb7 11.Nf1 Nd7 12.Ne3 Nce5 13.Nxe5 Nxe5 14.f4 Nd7 15.Ng4 Rc8
16.Qe2 Nf6 17.Nxf6+ exf6 18.Bc2 Re8 19.Qf2 Qd7 20.Bd2 f5 21.Rad1 h5 22.Qg3 Rcd8
23.Qg5 Qc6 24.Re2 Rd7 25.Rde1 Rde7 26.Kf1 Bc8 27.Bb3 c4 28.dxc4 bxc4 29.Bc2 fxe4
30.Rxe4 Rxe4 31.Rxe4 Rxe4 32.Bxe4 Qxe4 33.Qd8+ Kh7 34.Qxc8 Qd3+ 35.Ke1 Qb1+
36.Ke2 Qxa2 37.Qb7 f5 38.h3 Qa4 39.Be3 Qb5  0-1

[Event "ch-Panamerican U20 Girls"]
[Site "Cali COL"]
[Date "2008.06.14"]
[Round "7"]
[White "Guarin,D"]
[Black "Aguilar,N"]
[Result "1-0"]
[WhiteElo "1846"]
[BlackElo "1966"]

1.e4 c5 2.Nf3 Nc6 3.Bb5 a6 4.Bxc6 bxc6 5.d3 d5 6.O-O Bg4 7.Nbd2 e6 8.c3 Bh5
9.Qa4 Qc7 10.exd5 exd5 11.Re1+ Kd8 12.Ne5 Ne7 13.Nb3 Qb6 14.Be3 Nf5 15.Nxc6+ Kc7
16.Bf4+ Bd6 17.Bxd6+ Kxd6 18.Nba5 Bg6 19.g4 Nh4 20.Qf4+ Kd7 21.Re7+ Kc8 22.Rb7  1-0

[Event "IM"]
[Site "Perm RUS"]
[Date "2008.06.14"]
[Round "4"]
[White "Ostanin,V"]
[Black "Davydov,St"]
[Result "1-0"]
[WhiteElo "2259"]
[BlackElo "2174"]

1.e4 c5 2.Nf3 Nc6 3.Bb5 g6 4.O-O Bg7 5.c3 Nf6 6.d3 O-O 7.Re1 a6 8.Ba4 b5
9.Bc2 d5 10.e5 Nd7 11.Bf4 Nb6 12.Nbd2 h6 13.h3 g5 14.Bg3 Bf5 15.Rb1 Rc8 16.Nb3 Na4
17.d4 Bxc2 18.Qxc2 cxd4 19.Nfxd4 Nxd4 20.Nxd4 e6 21.Qe2 Qa5 22.a3 Qb6 23.h4 Nxc3
24.bxc3 Rxc3 25.Rbd1 Rfc8 26.hxg5 hxg5 27.Qh5 R8c4 28.Nf3 g4 29.Ng5 Qa7 30.Kh2 Rxa3
31.Ne4 b4 32.Nf6+ Kf8 33.Qh7  1-0

[Event "ch-Panamerican U20"]
[Site "Cali COL"]
[Date "2008.06.15"]
[Round "9"]
[White "Cori,J"]
[Black "Perez,Fra2"]
[Result "1-0"]
[WhiteElo "2377"]
[BlackElo "2186"]

1.e4 c5 2.Nf3 Nc6 3.Bb5 g6 4.O-O Bg7 5.c3 e5 6.Na3 Nge7 7.Nc4 Qc7 8.Ne3 O-O
9.d3 d6 10.Bc4 h6 11.a3 Kh7 12.b4 f5 13.Bb2 f4 14.Nd5 Nxd5 15.Bxd5 Ne7 16.bxc5 dxc5
17.c4 g5 18.Nd2 g4 19.f3 g3 20.hxg3 fxg3 21.Qe1 Ng6 22.Qxg3 Nf4 23.Qh2 Rf6
24.g3 Nh3+ 25.Kh1 Rg6 26.Nb1 Rg5 27.g4 Nf4 28.Bc1 Kg6 29.Nc3 h5 30.Ne2 hxg4
31.Nxf4+ exf4 32.Bxf4 Be5 33.Bxe5 Rxe5 34.fxg4 Bxg4 35.Rf7  1-0

[Event "8th TCh-Euro U18"]
[Site "Szeged HUN"]
[Date "2008.06.16"]
[Round "3"]
[White "Varga,Dav"]
[Black "Martinovic,Sa"]
[Result "0-1"]
[WhiteElo "2289"]
[BlackElo "2403"]

1.e4 c5 2.Nf3 Nc6 3.Bb5 Nf6 4.d3 g6 5.O-O Bg7 6.Re1 O-O 7.Nc3 d6 8.Bxc6 bxc6
9.e5 Nd5 10.exd6 exd6 11.Nxd5 cxd5 12.c3 Rb8 13.Qa4 Bf5 14.d4 Bg4 15.dxc5 Bxf3
16.gxf3 dxc5 17.Qxa7 d4 18.Qxc5 dxc3 19.bxc3 Rc8 20.Qe7 Bxc3 21.Bh6 Qxe7
22.Rxe7 Bxa1 23.Bxf8 Kxf8 24.Re4 Rc2 25.a4 Rd2  0-1

[Event "Serbia Cup"]
[Site "Zlatibor SRB"]
[Date "2008.06.16"]
[Round "1"]
[White "Nevednichy,V"]
[Black "Kostic,VV"]
[Result "1-0"]
[WhiteElo "2558"]
[BlackElo "2312"]

1.e4 c5 2.Nf3 Nc6 3.Bb5 g6 4.Bxc6 dxc6 5.d3 Bg7 6.h3 Nf6 7.Nc3 Nd7 8.Be3 b6
9.Qd2 Nf8 10.Bh6 Bxh6 11.Qxh6 Ne6 12.O-O-O Qc7 13.g3 Bd7 14.Ne2 O-O-O 15.Rd2 a5
16.Rhd1 a4 17.a3 Qd6 18.Qe3 h5 19.h4 b5 20.d4 cxd4 21.Nfxd4 Qc5 22.Kb1 Nxd4
23.Rxd4 Qe5 24.Qc3 Qf6 25.e5 Qxe5 26.Rxd7 Rxd7 27.Qxc6+ Qc7 28.Qa8+  1-0

[Event "ch-PAR"]
[Site "Asuncion PAR"]
[Date "2008.06.21"]
[Round "7"]
[White "Jodorcovsky,P"]
[Black "Peralta,E"]
[Result "1/2-1/2"]
[WhiteElo "2207"]
[BlackElo "2245"]

1.e4 c5 2.Nf3 Nc6 3.Bb5 e5 4.O-O Nge7 5.c3 g6 6.d4 cxd4 7.cxd4 exd4 8.Nxd4 Bg7
9.Be3 O-O 10.Nc3 d6 11.Qd2 Ne5 12.Rad1 a6 13.Be2 Bd7 14.Nb3 Nc8 15.Bh6 Bxh6
16.Qxh6 f6 17.Qd2 g5 18.Qd5+ Kh8 19.Qxb7 Bc6 20.Qb4 a5 21.Qd4 Rb8 22.Rd2 Qc7
23.Qe3 Ne7 24.Nd4 Qd7 25.Nxc6 Qxc6 26.Rfd1 Qc5 27.Qxc5 dxc5 28.b3 Rbc8 29.Na4 N7g6
30.Nb6 Rce8 31.Bh5 Re6 32.Bxg6 Nxg6 33.Nd7 Rc8 34.f3 Kg7 35.Rc1 Rec6 36.Rdc2 Nf4
37.Kf1 Ne6 38.e5 fxe5 39.Nxe5 Rd6 40.Rc4 Ra8 41.R4c2 a4 42.bxa4 Rxa4 43.Nc4 Rd7
44.Rb2 Ra6 45.Rcc2 Rd1+ 46.Kf2 Rd7 47.Rb6 Rxb6 48.Nxb6 Ra7  1/2-1/2

[Event "22th Open"]
[Site "Pula CRO"]
[Date "2008.06.22"]
[Round "2"]
[White "Osmanovic,F"]
[Black "Feletar,D"]
[Result "1/2-1/2"]
[WhiteElo "2133"]
[BlackElo "2384"]

1.e4 c5 2.Nf3 Nc6 3.Bb5 e6 4.O-O Nge7 5.c3 a6 6.Ba4 c4 7.d4 cxd3 8.Qxd3 Ng6
9.Be3 Qc7 10.Rd1 Be7 11.Nbd2 Rb8 12.Bc2 Nf4 13.Bxf4 Qxf4 14.Nc4 b5 15.Nd6+ Qxd6
16.Qxd6 Bxd6 17.Rxd6 Ke7 18.Rad1 f6 19.h4 Nd8 20.R6d2 Nf7 21.Bb3 Rb6 22.Nd4 g6
23.f3 d6 24.Kf2 Bd7 25.Nc2 h6 26.Ne3 Rc8 27.f4 f5 28.e5 Rc7 29.exd6+ Rxd6
30.Re2 Rxd1 31.Bxd1  1/2-1/2

[Event "White Nights Open"]
[Site "St Petersburg RUS"]
[Date "2008.06.22"]
[Round "2"]
[White "Koltsov,R2"]
[Black "Feofanov,D"]
[Result "1/2-1/2"]
[WhiteElo "1935"]
[BlackElo "2380"]

1.e4 c5 2.Nf3 Nc6 3.Bb5 g6 4.O-O Bg7 5.Re1 Nf6 6.e5 Nd5 7.Nc3 Nc7 8.Bxc6 dxc6
9.Ne4 b6 10.Nf6+ Kf8 11.Ne4 Bg4 12.d3 Bxe5 13.Nxe5 Bxd1 14.Bh6+ Kg8 15.Nf6+ exf6
16.Nxc6 Bg4 17.Nxd8 Rxd8 18.Re7 Nb5 19.Rae1 Be6 20.R1xe6 fxe6 21.Rg7+ Kf8
22.Rxh7+ Kg8 23.Rg7+  1/2-1/2

[Event "Serbia Cup"]
[Site "Zlatibor SRB"]
[Date "2008.06.22"]
[Round "7"]
[White "Gosic,B"]
[Black "Kostic,VV"]
[Result "1-0"]
[WhiteElo "2323"]
[BlackElo "2312"]

1.e4 c5 2.Nf3 Nc6 3.Bb5 g6 4.Bxc6 dxc6 5.h3 c4 6.O-O Bg7 7.Qe2 b5 8.d3 cxd3
9.cxd3 Nf6 10.Qc2 Bb7 11.Nc3 O-O 12.Be3 Nd7 13.d4 e5 14.dxe5 Nxe5 15.Nxe5 Bxe5
16.Rad1 Qe7 17.f4 Bc7 18.Qf2 Bb6 19.f5 Bxe3 20.Qxe3 Rfd8 21.f6 Qf8 22.e5 Bc8
23.Ne4 Be6 24.Ng5 Rxd1 25.Rxd1 Bd5 26.Rxd5 cxd5 27.e6 fxe6 28.Qxe6+ Kh8 29.Qd7 Qg8
30.Nf7+  1-0

[Event "TCh-TUR"]
[Site "Kocaeli TUR"]
[Date "2008.06.24"]
[Round "1"]
[White "Husnullin,R"]
[Black "Haznedaroglu,K"]
[Result "0-1"]
[WhiteElo "2245"]
[BlackElo "2463"]

1.e4 c5 2.Nf3 Nc6 3.Bb5 e6 4.Bxc6 bxc6 5.d3 d5 6.Qe2 Nf6 7.O-O Be7 8.b3 O-O
9.Re1 a5 10.Nc3 Ba6 11.Ba3 Re8 12.Rad1 Qc7 13.Qd2 Rad8 14.Qc1 Nd7 15.Na4 Bb5
16.Nb2 Nb6 17.c4 Ba6 18.Qc3 Ra8 19.Rc1 d4 20.Qc2 e5 21.Rf1 Bc8 22.Na4 Nd7
23.Qd2 Bd6 24.Nh4 g6 25.g3 Qd8 26.Qh6 Be7 27.f4 Bf8 28.Qg5 f6 29.Qg4 exf4
30.gxf4 Nb6 31.f5 Nxa4 32.bxa4 Ra7 33.Qg2 g5 34.Rb1 Rg7 35.Nf3 Bd6 36.Rb3 Kh8
37.Qg4 Qc7 38.Rf2 Reg8 39.Rfb2 Qe7 40.Rb6 Bd7 41.Rb7 Bf4 42.Kf1 Qd6 43.R2b3 Be8
44.Rxg7 Rxg7 45.Qg1 Bh5 46.Qg2 Be3 47.Ne1 Qf4+  0-1

[Event "TCh-TUR"]
[Site "Kocaeli TUR"]
[Date "2008.06.24"]
[Round "2"]
[White "Gurcan,E"]
[Black "Catalkilic,O"]
[Result "0-1"]
[WhiteElo "1955"]
[BlackElo "1953"]

1.e4 c5 2.Nf3 Nc6 3.Bb5 g6 4.O-O Bg7 5.Re1 d6 6.h3 e5 7.c3 Ne7 8.d3 O-O 9.Na3 h6
10.Nc2 a6 11.Bxc6 Nxc6 12.Ne3 Be6 13.Kh2 f5 14.Rg1 f4 15.Nc2 Qf6 16.Rh1 Rad8
17.c4 g5 18.Nfe1 Qg6 19.f3 h5 20.g4 Kf7 21.Kg2 Rh8 22.Kf2 hxg4 23.fxg4 Rh6
24.Bd2 Rdh8 25.Qf3 Qh7 26.Ng2 Rxh3 27.Rxh3 Qxh3 28.Rg1 Qxf3+ 29.Kxf3 Rh3+
30.Kf2 Rxd3 31.Bc3 Rg3 32.Rd1 Nd4  0-1

[Event "White Nights Open"]
[Site "St Petersburg RUS"]
[Date "2008.06.24"]
[Round "4"]
[White "Zhuravliov,M"]
[Black "Senkevich,K"]
[Result "0-1"]
[WhiteElo "2019"]
[BlackElo "2136"]

1.e4 c5 2.Nf3 Nc6 3.Bb5 g6 4.Bxc6 bxc6 5.e5 Bg7 6.O-O f6 7.e6 dxe6 8.d3 Nh6
9.Be3 c4 10.dxc4 Qxd1 11.Rxd1 Nf5 12.Bc5 e5 13.Nc3 Be6 14.b3 Kf7 15.Rd3 Rhc8
16.Rad1 Bf8 17.g4 Nd6 18.Bxd6 exd6 19.h3 d5 20.Nd2 e4 21.Rg3 Bd6 22.Rg2 f5
23.Ne2 Be5 24.f4 Bf6 25.Nf1 dxc4 26.Ne3 cxb3 27.axb3 Rd8 28.Rxd8 Rxd8 29.g5 Be7
30.Kf2 Bc5 31.Nc3 Bxb3 32.Nxe4 fxe4 33.cxb3 Rd3 34.Rg3 Rxb3 35.Ke2 Rxe3+
36.Rxe3 Bxe3 37.Kxe3 a5 38.Kxe4 a4  0-1

[Event "White Nights Open"]
[Site "St Petersburg RUS"]
[Date "2008.06.24"]
[Round "4"]
[White "Efremova,D"]
[Black "Nikolaev,V RUS"]
[Result "0-1"]
[WhiteElo "1958"]
[BlackElo "2163"]

1.e4 c5 2.Nf3 Nc6 3.Bb5 Qc7 4.O-O a6 5.Bxc6 Qxc6 6.Re1 e6 7.d4 cxd4 8.Nxd4 Qc7
9.Nc3 d6 10.Be3 Nf6 11.f3 b5 12.a3 Bb7 13.Nb3 Be7 14.Qd2 O-O 15.Qf2 Nd7 16.Rad1 Rac8
17.Rd2 Ne5 18.Bb6 Qb8 19.Ba7 Qa8 20.Na5 Nc4 21.Nxc4 Rxc4 22.Bd4 Rfc8 23.Qg3 Bf8
24.f4 d5 25.exd5 Rxd4 26.Rxd4 Bc5 27.Qd3 Qa7 28.Rd1 Rd8 29.Kh1 Bxd4 30.Qxd4 Qa8
31.d6 Bxg2+ 32.Kg1 Bc6 33.Rd3 Rd7 34.Rg3 g6 35.Qc5 Qa7 36.b4 Ba8 37.Qxa7 Rxa7
38.a4 Bc6 39.Rd3 Rd7 40.axb5 axb5 41.Kf2 f6 42.Ke3 Kf7 43.Kd4 Rxd6+ 44.Kc5 Rxd3
45.cxd3 Ba8 46.Nxb5 g5 47.fxg5 fxg5 48.Nc7 Bg2 49.Kd6 Kf6 50.Nxe6 h5 51.Nc5 Ba8
52.b5 h4 53.b6 g4 54.Ne4+ Kf5 55.Kc7 Kf4 56.Nf6 Kf3 57.d4 g3 58.hxg3 h3 59.d5 h2
60.b7 Bxb7 61.Kxb7 h1=Q 62.d6 Qh6 63.d7 Qxf6 64.Kc8 Qc6+ 65.Kd8 Kxg3 66.Ke7 Qc7
67.Ke8 Qe5+ 68.Kf8 Qd6+ 69.Ke8 Qe6+  0-1

[Event "International Open"]
[Site "Philadelphia USA"]
[Date "2008.06.26"]
[Round "1"]
[White "Gopal,G"]
[Black "Ramaswamy,A"]
[Result "1-0"]
[WhiteElo "2562"]
[BlackElo "2298"]

1.e4 c5 2.Nf3 Nc6 3.Bb5 Qb6 4.Nc3 e6 5.O-O a6 6.Bxc6 Qxc6 7.a4 d6 8.Re1 Nf6
9.e5 dxe5 10.Nxe5 Qc7 11.Nc4 b6 12.a5 b5 13.Nb6 Rb8 14.d4 Bb7 15.Bg5 Be7
16.Bxf6 Bxf6 17.Ncd5 Qd8 18.Qh5 Bxd5 19.Nxd5 O-O 20.Nxf6+ Qxf6 21.Qxc5 Rbc8
22.Qb6 Rxc2 23.Rf1 Rxb2 24.Qxa6 Qxd4 25.Qb6 Qd8 26.Rfd1 Qa8 27.a6 b4 28.a7 b3
29.Ra3 Rc8 30.h3 h6 31.Rda1 Rc3 32.Qb8+ Rc8 33.Qxc8+  1-0

[Event "5th GM"]
[Site "Mulhouse FRA"]
[Date "2008.06.27"]
[Round "3"]
[White "Fargere,Fr"]
[Black "Cornette,M"]
[Result "1/2-1/2"]
[WhiteElo "2367"]
[BlackElo "2496"]

1.e4 c5 2.Nf3 Nc6 3.Bb5 Nf6 4.e5 Nd5 5.Nc3 Nc7 6.Bxc6 dxc6 7.Ne4 Qd5 8.Nc3 Qd8
9.Ne4 Bg4 10.Nxc5 Qd5 11.d4 O-O-O 12.Be3 e6 13.Nb3 f5 14.Qe2 Be7 15.O-O-O b5
16.Kb1 g5 17.h3 Bh5 18.g4 Bg6 19.Bxg5 fxg4 20.hxg4 Rdf8 21.Bxe7 Rxf3 22.Rhe1 Re8
23.Bd6 Na6 24.Qd2 Qc4 25.Na5 Qd5 26.Nb3 Qc4 27.Rc1 Rd8 28.Qa5 Qa4 29.Qxa4 bxa4
30.Na5 Kd7 31.Re2 Rf4 32.Rg1 Rg8 33.Nc4 Rxd4 34.Ne3 Be4  1/2-1/2

[Event "Svein Johannessen Mem"]
[Site "Oslo NOR"]
[Date "2008.06.28"]
[Round "3"]
[White "Hammer,J"]
[Black "Pedersen,Sven2"]
[Result "1-0"]
[WhiteElo "2457"]
[BlackElo "2156"]

1.e4 c5 2.Nf3 Nc6 3.Bb5 e6 4.Bxc6 bxc6 5.d3 d6 6.e5 dxe5 7.Nxe5 Bd6 8.Nc4 Be7
9.O-O Nf6 10.Nc3 O-O 11.b3 Nd5 12.Bb2 Bf6 13.Ne4 Bxb2 14.Nxb2 Nf4 15.Qf3 e5
16.Nxc5 Qd4 17.Nba4 Ne6 18.Qxc6 Rb8 19.Rae1 Nxc5 20.Qxc5  1-0

[Event "White Nights Open"]
[Site "St Petersburg RUS"]
[Date "2008.06.28"]
[Round "8"]
[White "Chehlov,A"]
[Black "Abramov,Valen"]
[Result "1-0"]
[WhiteElo "2232"]
[BlackElo "2321"]

1.e4 c5 2.Nf3 Nc6 3.Bb5 g6 4.O-O Bg7 5.c3 Nf6 6.Re1 O-O 7.d4 cxd4 8.cxd4 d5
9.e5 Ne4 10.Bxc6 bxc6 11.Nbd2 Nxd2 12.Nxd2 c5 13.Nb3 cxd4 14.Nxd4 a5 15.a4 Qb6
16.b3 Ba6 17.Ba3 f6 18.e6 f5 19.Bb2 Rfc8 20.Qd2 Rab8 21.Rad1 Qb4 22.Qe3 Rc7
23.h4 Qd6 24.Nxf5 gxf5 25.Qg5 d4 26.Bxd4 Qxd4 27.Rxd4 Kh8 28.Rd7 Bf6 29.Qxf5  1-0

[Event "White Nights Open"]
[Site "St Petersburg RUS"]
[Date "2008.06.28"]
[Round "8"]
[White "Koltsov,R2"]
[Black "Chernov,Vl3"]
[Result "1/2-1/2"]
[WhiteElo "1935"]
[BlackElo "2037"]

1.e4 c5 2.Nf3 Nc6 3.Bb5 d6 4.d4 cxd4 5.Qxd4 Bd7 6.Bxc6 Bxc6 7.Nc3 Nf6 8.Bg5 e5
9.Qd3 Be7 10.O-O-O Ng4 11.Bxe7 Qxe7 12.Rd2 Rd8 13.Ne1 O-O 14.f3 Nf6 15.Nd5 Bxd5
16.exd5 Rc8 17.g4 Rc5 18.Qb3 a6 19.Ng2 Rfc8 20.Ne3 Qc7 21.h4 Ne8 22.g5 Qa5
23.a3 Qb5 24.Qxb5 Rxb5 25.h5 Rbc5 26.Rg1 b5 27.g6 fxg6 28.hxg6 h6 29.Nf5 R8c7
30.Re1 Kf8 31.f4 Nf6 32.fxe5 dxe5 33.Rxe5 Rd7 34.Ne3 Re7 35.Rxe7 Kxe7 36.Nf5+ Kf8
37.Ne3 Ke7 38.b4 Rc3 39.Nf5+ Kd7 40.Kb2 Rf3 41.Nxg7 Rg3 42.Ne6 Kd6 43.g7 h5
44.Nd4 Ke5 45.Nc6+ Kd6 46.c3 Rxg7 47.Re2 Kxd5 48.Rh2  1/2-1/2

[Event "White Nights Open"]
[Site "St Petersburg RUS"]
[Date "2008.06.28"]
[Round "8"]
[White "Lushnikov,A"]
[Black "Utkin,Alex"]
[Result "1/2-1/2"]
[WhiteElo "2272"]
[BlackElo "2187"]

1.e4 c5 2.Nf3 Nc6 3.Bb5 g6 4.O-O Bg7 5.Re1 Nf6 6.c3 O-O 7.e5 Nd5 8.d4 cxd4
9.cxd4 Nc7 10.Bxc6 dxc6 11.h3 Bf5 12.Nc3 Nd5 13.Ne4 Qb6 14.g4 Bc8 15.Nc5 Nc7
16.b3 Na6 17.Na4 Qa5 18.Bg5 f6 19.exf6 exf6 20.Bd2 Qd8 21.Bf4 Nb4 22.Qd2 Nd5
23.Bh6 g5 24.Bxg7 Kxg7 25.Re4 Re8 26.Rae1 Rxe4 27.Rxe4 b6 28.Qe1 Bb7 29.Nb2 Qc7
30.Nd3 Rd8 31.Nb4 Rd7 32.Nxd5 cxd5 33.Re8 Rf7 34.Qe3 h6 35.Kg2 Bc6 36.Re6 Bd7
37.Re7 Qd6 38.Rxf7+ Kxf7 39.Qd3 Kg7 40.Nd2 Be8 41.Nf1 Bg6 42.Qe3 f5 43.gxf5 Bxf5
44.Ng3 Bg6 45.Qe2 Qf6 46.Qg4 Kh7 47.Qd7+ Qf7 48.Qxf7+ Bxf7 49.h4 gxh4 50.Nf5 h3+
51.Kg3 Be6 52.Ne3 h5 53.f4 h4+ 54.Kh2 Kg6 55.Kg1 Kf6 56.Kh2 a5 57.a3 b5 58.b4 axb4
59.axb4 Kg6 60.Kg1 Kf6 61.Kh2  1/2-1/2

[Event "Svein Johannessen Mem"]
[Site "Oslo NOR"]
[Date "2008.06.29"]
[Round "4"]
[White "Olsen,Andr"]
[Black "Ulvnes,R"]
[Result "1/2-1/2"]
[WhiteElo "1780"]
[BlackElo "1998"]

1.e4 c5 2.Nf3 Nc6 3.Bb5 g6 4.Bxc6 bxc6 5.O-O Bg7 6.d3 d6 7.Re1 e6 8.h3 Ne7
9.c3 Rb8 10.Na3 Ba6 11.Qc2 O-O 12.Rb1 Qc7 13.Be3 Rb7 14.Nc4 e5 15.b3 d5 16.Nb2 Qd6
17.d4 cxd4 18.cxd4 dxe4 19.Qxe4 f5 20.dxe5 fxe4 21.exd6 Nd5 22.Nd2 Nc3 23.Rbc1 Ne2+
24.Rxe2 Bxb2 25.Ree1 Bxc1 26.Rxc1 Bd3 27.Rxc6 Rd8 28.Rc7 Rd7 29.Rxd7 Rxd7
30.Bc5 Kf7 31.b4 Ke6 32.Nb3 Bc4 33.Nd4+ Kd5 34.a3  1/2-1/2

[Event "TCh-TUR"]
[Site "Kocaeli TUR"]
[Date "2008.06.30"]
[Round "11"]
[White "Erturan,Y"]
[Black "Haznedaroglu,K"]
[Result "0-1"]
[WhiteElo "2369"]
[BlackElo "2463"]

1.e4 c5 2.Nf3 Nc6 3.Bb5 e6 4.O-O Nge7 5.c3 a6 6.Ba4 c4 7.Bc2 Ng6 8.b3 cxb3
9.axb3 d5 10.d4 dxe4 11.Bxe4 Be7 12.Bxc6+ bxc6 13.Ba3 a5 14.Nbd2 O-O 15.Bxe7 Qxe7
16.Re1 c5 17.Nc4 cxd4 18.Nxd4 Qc5 19.Re2 e5 20.Nf3 Bg4 21.Ncxe5 Nxe5 22.Rxe5 Qxe5
23.Nxe5 Bxd1 24.Rxd1 Rfb8 25.Nc6 Rxb3 26.Nxa5 Rxc3 27.Nb7 h5  0-1

[Event "TCh-TUR"]
[Site "Kocaeli TUR"]
[Date "2008.06.30"]
[Round "11"]
[White "Safarli,E"]
[Black "Savchenko,B"]
[Result "1/2-1/2"]
[WhiteElo "2524"]
[BlackElo "2569"]

1.e4 c5 2.Nf3 Nc6 3.Bb5 Nf6 4.Nc3 g6 5.Bxc6 dxc6 6.d3 Bg7 7.Be3 Nd7 8.O-O e5
9.Nd2 Qe7 10.a4 Nf8 11.f4 exf4 12.Bxf4 Ne6 13.Bg3 O-O 14.Nc4 Rd8 15.e5 Nd4
16.Ne4 b5 17.Ncd6 Nf5 18.Nxf5 Bxf5 19.Nd6 Bxe5 20.Nxf5 gxf5 21.Rxf5 Bxb2
22.Qg4+ Kh8 23.Re1 Qd7 24.Be5+ Bxe5 25.Rexe5 Re8 26.Qf4 Qd4+ 27.Qxd4 cxd4
28.Rxe8+ Rxe8 29.axb5 cxb5  1/2-1/2

[Event "XIX ch-Panam U18"]
[Site "Villa Carlos Paz ARG"]
[Date "2008.06.30"]
[Round "1"]
[White "Gallego,I"]
[Black "Lino Lopez,I"]
[Result "0-1"]
[WhiteElo "1925"]
[BlackElo "2146"]

1.e4 c5 2.Nf3 Nc6 3.Bb5 g6 4.Bxc6 dxc6 5.d3 Bg7 6.Nc3 Nf6 7.Be3 Nd7 8.Qd2 Qb6
9.O-O-O Qa5 10.Bh6 Bf6 11.Rde1 e5 12.Kb1 Qa6 13.g4 Rg8 14.Ng5 b5 15.Nxh7 Be7
16.Ng5 c4 17.dxc4 bxc4 18.f4 Rb8 19.Nd1 Nc5 20.fxe5 Bxg4 21.Qf4 Bxg5 22.Bxg5 Bxd1
23.e6 Bxc2+ 24.Kxc2 Qa4+ 25.Kb1 Rxb2+ 26.Kxb2 Nd3+ 27.Ka1 Nxf4 28.exf7+ Kxf7
29.Bxf4 Re8 30.Re2 Rd8 31.Ree1 Qc2 32.Rc1 Qxe4 33.Rhe1 Qd4+ 34.Kb1 Rd7  0-1